|
|
|
|
| LEADER |
00000cam a22000004a 4500 |
| 001 |
musev2_49007 |
| 003 |
MdBmJHUP |
| 005 |
20230905045107.0 |
| 006 |
m o d |
| 007 |
cr||||||||nn|n |
| 008 |
151110t20152015si o 00 0 eng d |
| 020 |
|
|
|a 9789814722308
|
| 020 |
|
|
|z 9789971698362
|
| 035 |
|
|
|a (OCoLC)963624122
|
| 040 |
|
|
|a MdBmJHUP
|c MdBmJHUP
|
| 100 |
1 |
|
|a Goldthorpe, Christopher C.,
|e author.
|
| 245 |
1 |
0 |
|a Rubber Manufacturing in Malaysia :
|b Resource-based Industrialization in Practice /
|c C.C. Goldthorpe.
|
| 264 |
|
1 |
|a Singapore :
|b NUS Press,
|c [2015]
|
| 264 |
|
3 |
|a Baltimore, Md. :
|b Project MUSE,
|c 2016
|
| 264 |
|
4 |
|c ©[2015]
|
| 300 |
|
|
|a 1 online resource (200 pages).
|
| 336 |
|
|
|a text
|b txt
|2 rdacontent
|
| 337 |
|
|
|a computer
|b c
|2 rdamedia
|
| 338 |
|
|
|a online resource
|b cr
|2 rdacarrier
|
| 505 |
0 |
|
|a Half title page; Full title page; Copyright page; Contents; List of Tables; List of Abbreviations; Acknowledgements; Map of Peninsular Malaysia; Chapter 1: Development through Industrialization; Chapter 2: Rubber: An Essential Industrial Raw Material; Chapter 3: Political Economy of Malaysia; Chapter 4: Development of Manufacturing Industry in Malaysia; Chapter 5: Rubber Manufacturing in Peninsular Malaysia; Chapter 6: Overview of Rubber Manufacturing Industries: 2005; Chapter 7: Automotive, Engineering and Industrial Components Industry
|
| 505 |
0 |
|
|a Chapter 8: Tyre, Latex, General Products and Compounding IndustriesChapter 9: Structural Dualism and Technology Transfer; Chapter 10: Policy Issues in Industrialization; Bibliography; Index
|
| 546 |
|
|
|a In English.
|
| 588 |
|
|
|a Description based on print version record.
|
| 650 |
|
7 |
|a Rubber industry and trade.
|2 fast
|0 (OCoLC)fst01100916
|
| 650 |
|
7 |
|a Manufacturing industries.
|2 fast
|0 (OCoLC)fst01008071
|
| 650 |
|
7 |
|a POLITICAL SCIENCE
|x Public Policy
|x Economic Policy.
|2 bisacsh
|
| 650 |
|
6 |
|a Caoutchouc
|x Industrie
|z Malaisie.
|
| 650 |
|
6 |
|a Industrie manufacturiere
|z Malaisie.
|
| 650 |
|
6 |
|a Articles en caoutchouc
|x Aspect economique
|z Malaisie.
|
| 650 |
|
0 |
|a Rubber industry and trade
|z Malaysia.
|
| 650 |
|
0 |
|a Manufacturing industries
|z Malaysia.
|
| 650 |
|
0 |
|a Rubber goods
|x Economic aspects
|z Malaysia.
|
| 651 |
|
7 |
|a Malaysia.
|2 fast
|0 (OCoLC)fst01204590
|
| 655 |
|
7 |
|a Electronic books.
|2 local
|
| 710 |
2 |
|
|a Project Muse.
|e distributor
|
| 830 |
|
0 |
|a Book collections on Project MUSE.
|
| 856 |
4 |
0 |
|z Texto completo
|u https://projectmuse.uam.elogim.com/book/49007/
|
| 945 |
|
|
|a Project MUSE - Custom Collection
|
| 945 |
|
|
|a Project MUSE - 2016 Complete
|
| 945 |
|
|
|a Project MUSE - 2016 Political Science and Policy Studies
|